02116nam a2200265Ia 4500001000600000003000900006008004100015040001300056040001300069041001300082100001900095100002900114245008000143245008000223250001100303260000900314260001200323260004900335300005700384500128900441650004301730650003101773700001701804700002901821G7261IT-RoPAU130308s9999 xx 000 0 und d aIT-RoPAU cIT-RoPAU aITALIANO aPivato Stefano gCodice Aut. SPICS: 55586 aItalia vagabonda: il tempo libero degli italiani dal melodramma alla pay-tv bItalia Vagabonda: Il Tempo libero degli Italiani dal melodramma Alla Pay-Tv a2a ed. aROMA bCarocci c2001 [1° Ed.:2001 - Ed.Ling.Originale:2001] a"218 p. (prefazione: no ; testo: 218 [pagine: 0-0])" a"Il Tempo libero Ha Acquisito Oggi Uno Spazio e un rilievo Tali da Farlo Apparire Come Uno dei Fenomeni Piu' Caratteristici e Coinvolgenti della Società di Massa. Il Libro Ripercorre gli Aspetti significativi della Storia del Tempo libero in Italia Dall'Ottocento Ai Nostri Giorni: Dai Giochi Tradizionali Allo Sport, Dalla Musica al Ballo, Dalla Scoperta della vacanza al Cinema, Dai piaceri della tavola Ai Giochi Virtuali. Un Affresco di Storia del costume e della Mentalità per Cogliere le Trasformazioni della Societa'Italiana nel Corso di Oltre un Secolo. Ottocento: Gioco del Pallone a Bracciale, Melodramma, Italia in Maschera. Casino, Osteria e Caffe'. La belle Epoque: Tempo libero e Tempo dell'Industria; Il Mare; Bicicletta e Giro D'Italia; Dinamismo e Sportismo; sala da Ballo. Uso Politico del Tempo Libero: Politica e Sport; Fascismo e Tempo Libero; sport e Fascismo; Nazionalizzazione del Tempo Libero; Oratorio; Vacanza. Secondo Dopoguerra: Cinema di Massa; Arriva Mamma Tv; tra Flipper, Juke Box e Fotoromanzi; Evasione e Contestazione; Canzone; Coppi, Bartali e Berlusconi. Oggi: Svago e Benessere; telenovela e Fiction contro Il Cinema; Italia in Musica; Era del Gioco Tecnologico; Cibo; Onomastica del Tempo Libero. Postfazione: Tempo Storico e Tempo Libero." aSOCIOLOGIA DELLA COMUNICAZIONE SOCIALE eCodice materia Spics: 3806 aTonelli Anna gCodice Aut. SPICS: 55587